| 000 | 03454nam a2200337 a 4500 | ||
|---|---|---|---|
| 003 | OSt | ||
| 005 | 20250807094240.0 | ||
| 007 | cr ||||||a|c|a | ||
| 008 | 240801s2022 mx a|||fom||| 001 0 spa d | ||
| 040 | _erda | ||
| 100 | 1 |
_aSandoval Avilez, Juan Antonino _9185928 |
|
| 245 | 1 | 0 |
_aEstado de arte sobre cedro (Juniperus flaccida Schlechtendal) y su potecial uso con fines de restauración ecológica / _cpor Juan Antonino Sandoval Avilez; director de tesis Dante Arturo Rodríguez Trejo; secretario Enrique Guízar Nolazco; vocal María Guadalupe Vargas Cabrera; suplente José Armando Vera Castillo; suplente José Tulio Méndez Montiel. |
| 264 | 1 |
_aChapingo, México : _bEl autor, _c2022. |
|
| 300 |
_a1 recurso en línea (130 páginas): _bfiguras, cuadros. |
||
| 336 |
_2rdacontent _atexto _btxt |
||
| 337 |
_2rdamedia _acomputadora _bc |
||
| 338 |
_2rdacarrier _arecurso en línea _bcr |
||
| 502 |
_bIRF _cDICIFO _d2022. _gLIC |
||
| 504 | _aIncluye referencias bibliográficas: páginas 112-126. | ||
| 520 | _aParte importante de las acciones de restauración ecológica es la reforestación; es sabido que el uso de especies nativas acelera el proceso de sucesión ecológica. Juniperus flaccida es una especie nativa de México que muestra adaptaciones y características destacables en el posible desarrollo de estas actividades. En el caso de muchas especies nativas la reunión de información está desactualizada y dispersa, de tal modo que su aplicación en planes de recuperación de sus poblaciones se encuentra comprometida. El objetivo del presente documento es presentar un estado del arte de J. flaccida para evidenciar y proponer su uso potencial como especie para la restauración ecológica en las áreas del país en las que se encuentra distribuida. La revisión se hizo principalmente en medios digitales y físicos de información con carácter científico. Las fuentes fueron internet y las bibliotecas de la Universidad Autónoma Chapingo. Como principales resultados se encontró que es en los últimos 13 años cuando se han estudiado aspectos ecológicos, fisiológicos, incluso taxonómicos, muy importantes para el entendimiento de la especie, anterior a esto, la bibliografía que menciona J. flaccida solo se limitaba a su descripción ecológica (someramente) y taxonómica. Se encontró que la especie efectivamente tiene uso potencial como especie de restauración y reforestación ya que es resistente a suelos erosionados, es tolerante a sequías prolongadas, tiene bajos requerimientos de materia orgánica y nutrientes, tiene buen desempeño en la captura de carbono, presenta características fisiológicas que la harán una especie resiliente al cambio climático actual y, además, tiene usos ornamentales, maderables y tradicionales. | ||
| 650 | 4 |
_aJuniperus flaccida _xDistribución geográfica _9186024 |
|
| 650 | 4 |
_aJuniperus flaccida _xPropiedades y usos _9186025 |
|
| 650 | 4 |
_aRestauración de bosques _9149749 |
|
| 700 | 1 |
_aRodríguez Trejo, Dante Arturo _998938 _eDirector de tesis. |
|
| 700 | 1 |
_aGuízar Nolazco, Enrique _951520 _eSecretario. |
|
| 700 | 1 |
_aVargas Cabrera, María Guadalupe _9185890 _eVocal. |
|
| 700 | 0 |
_aVera Castillo, José Amando Gil _eSuplente. _9118764 |
|
| 700 | 1 |
_aMéndez Montiel, José Tulio _976543 _eSuplente. |
|
| 856 |
_uhttp://10.13.5.2/tesis/tl/2022_FO_Sandoval_Avilez_JuanAntonino.pdf _zDESCARGAR PDF |
||
| 942 |
_2Clasificación Universidad Autónoma Chapingo _cTD |
||
| 999 |
_c220047 _d220047 |
||